000 00292nam a22001337a 4500
008 181126b xxu||||| |||| 00| 0 eng d
020 _a9780321732507
041 _aeng
080 _a616.073
100 _a6
101 _aGEN
245 _aGenetics Analysis
_cSamders.M.F
942 _2udc
_cBK
999 _c52482
_d52482